Online katalóg knižníc regiónu Turca

Valaská škola (Record no. 21385)

MARC details
000 -LEADER
fixed length control field 01300nam a2200361 a 4500
001 - CONTROL NUMBER
control field 21385
003 - CONTROL NUMBER IDENTIFIER
control field VRT
005 - DATE AND TIME OF LATEST TRANSACTION
control field 20260228122044.0
008 - FIXED-LENGTH DATA ELEMENTS--GENERAL INFORMATION
fixed length control field 000816s1982 xo a g 000 0 slo c
035 ## - SYSTEM CONTROL NUMBER
System control number UKB000086233
039 #9 - LEVEL OF BIBLIOGRAPHIC CONTROL AND CODING DETAIL [OBSOLETE]
Level of rules in bibliographic description 202501231454
Level of effort used to assign nonsubject heading access points AUTHORITY
Level of effort used to assign subject headings 201504281458
Level of effort used to assign classification gluc
040 ## - CATALOGING SOURCE
Original cataloging agency BAA001
Language of cataloging slo
Transcribing agency BAA001
Description conventions AACR2
041 0# - LANGUAGE CODE
Language code of text/sound track or separate title slo
044 ## - COUNTRY OF PUBLISHING/PRODUCING ENTITY CODE
MARC country code xo
ISO country code SK
084 ## - OTHER CLASSIFICATION NUMBER
Classification number W 6(1S)-655
Number source UKB
100 1# - MAIN ENTRY--PERSONAL NAME
Personal name Gavlovič, Hugolín,
Dates associated with a name 1712-1787
245 10 - TITLE STATEMENT
Title Valaská škola
Remainder of title skrátená podoba pôvodnej skladby Walaska sskola mrawuw stodola
Statement of responsibility, etc. Hugolín Gavlovič ; ed. pripr. Rudolf Krajčovič ; dosl. nap. Tomáš Oravec ; ilustr. Dušan Polakovič
250 ## - EDITION STATEMENT
Edition statement 2., skrát. vyd.
260 ## - PUBLICATION, DISTRIBUTION, ETC.
Place of publication, distribution, etc. Bratislava
Name of publisher, distributor, etc. Tatran
Date of publication, distribution, etc. 1982
300 ## - PHYSICAL DESCRIPTION
Extent 350 s.
Other physical details il.
490 1# - SERIES STATEMENT
Series statement Hviezdoslavova knižnica
Volume/sequential designation zv. 276
500 ## - GENERAL NOTE
General note Frontsp.
700 1# - ADDED ENTRY--PERSONAL NAME
Personal name Krajčovič, Rudolf,
Dates associated with a name 1927-
Relationship edt
700 1# - ADDED ENTRY--PERSONAL NAME
Personal name Oravec, Tomáš
Relationship aui
700 1# - ADDED ENTRY--PERSONAL NAME
Personal name Polakovič, Dušan,
Dates associated with a name 1950-
Relationship ill
830 #0 - SERIES ADDED ENTRY--UNIFORM TITLE
Uniform title Hviezdoslavova knižnica
910 ## - USER-OPTION DATA (OCLC)
User-option data ukb
942 ## - ADDED ENTRY ELEMENTS (KOHA)
Source of classification or shelving scheme Dewey Decimal Classification
Koha item type Krásna literatúra pre dospelých
Suppress in OPAC No
949 ## - LOCAL PROCESSING INFORMATION (OCLC)
6 1800125290
a 24.D.95094
b PV.8061-82
q 10.3.2016 popísaná ceruzou.
r 10.3.2016 popísaná ceruzou.
949 ## - LOCAL PROCESSING INFORMATION (OCLC)
6 1800533426
a S.D.76070
b PV.8062-82
949 ## - LOCAL PROCESSING INFORMATION (OCLC)
6 1800080195
a 24.D.95094
b KD.2227-82
949 ## - LOCAL PROCESSING INFORMATION (OCLC)
6 1800285828
a 24.D.95094
b KD.2226-82
Holdings
Stav vyradenia Strata Poškodenie Spôsob nadobudnutia Domovská knižnica Aktuálna knižnica Dátum nadobudnutia Total checkouts Čiarový kód exemplára Date last seen Typ exemplára
      Dar Obecná knižnica Horná Štubňa Obecná knižnica Horná Štubňa 28.02.2026   4736201563 28.02.2026 Krásna literatúra pre dospelých
Projekt je podporený Slovenskou asociáciou knižníc
Prevádzkuje Turčianska knižnica Martin 2026